Every NBA Player 2025 - Statistics

General Stats
  • This quiz has been taken 222 times
    212 since last reset
  • The average score is 204 of 453
Answer Stats
Atlanta Hawks, Boston Celtics, Brooklyn Nets, Charlotte Hornets, Chicago Bulls, Cleveland Cavaliers, Dallas Mavericks, Denver Nuggets, Detroit Pistons, Golden State Warriors, Houston Rockets, Indiana Pacers, Los Angeles Clippers, Los Angeles Lakers, Memphis Grizzlies, Miami Heat, Milwaukee Bucks, Minnesota Timberwolves, New Orleans Pelicans, New York Knicks, Oklahoma City Thunder, Orlando Magic, Philadelphia 76ers, Phoenix Suns, Portland Trail Blazers, Sacramento Kings, San Antonio Spurs, Toronto Raptors, Utah Jazz, Washington Wizards % Correct
Hawks 11 PG Trae Young
94%
Celtics SG 7 Jaylen Brown
92%
Celtics SF 0 Jayson Tatum
92%
Pelicans SF 00 Bruce Brown
91%
Clippers G 21 Kobe Brown
90%
Timberwolves SG 5 Anthony Edwards
89%
Nuggets C 15 Nikola Jokic
89%
Bucks PF 32 Giannis Antetokounmpo
88%
Lakers PF 23 LeBron James
88%
Hornets PG 1 LaMelo Ball
87%
Thunder PG 2 Shai Gilgeous-Alexander
87%
Warriors PF 23 Draymond Green
86%
76ers F 19 Justin Edwards
86%
Warriors PG 30 Steph Curry
86%
Mavericks C 3 Anthony Davis
85%
Bulls PG 0 Coby White
85%
Celtics PG 9 Derrick White
85%
Hawks 1 SF Jalen Johnson
85%
Lakers PG 77 Luka Doncic
85%
Trailblazers C 35 Robert Williams lll
85%
Warriors F 32 Trayce Jackson-Davis
85%
Grizzlies G 5 Vince Williams Jr.
85%
Rockets SG 4 Jalen Green
84%
Thunder F 8 Jalen Williams
84%
Thunder F 6 Jaylin Williams
84%
Bulls PF 44 Patrick Williams
84%
Bucks G 20 AJ Green
83%
Nets SF 2 Cameron Johnson
83%
Knicks PG 11 Jalen Brunson
83%
Clippers SG 1 James Harden
83%
Cavaliers G 8 Javonte Green
83%
Rockets PF 32 Jeff Green
83%
Hornets SG 10 Josh Green
83%
Bulls PG 2 Lonzo Ball
83%
Hornets C 5 Mark Williams
83%
Hornets SG 30 Seth Curry
83%
Spurs C 1 Victor Wembanyama
83%
Pacers PF 16 James Johnson
82%
Spurs SF 0 Keldon Johnson
82%
Wizards G 5 AJ Johnson
81%
Heat C 13 Bam Adebayo
81%
Jazz F 5 Cody Williams
81%
Hornets PF 2 Grant Williams
81%
Knicks C 32 Karl-Anthony Towns
81%
Thunder SF 34 Kenrich Williams
81%
Nets G 45 Keon Johnson
81%
Heat F 16 Keshad Johnson
81%
Nets F 8 Ziaire Williams
81%
Lakers G 9 Bronny James
80%
Pelicans SG 5 Dejounte Murray
80%
Nuggets PG 27 Jamal Murray
80%
Warriors SF 10 Jimmy Butler lll
80%
76ers C 21 Joel Embiid
80%
Mavericks SF 31 Klay Thompson
80%
Trailblazers F 24 Kris Murray
80%
Pelicans PF 1 Zion Williamson
80%
Pistons F 9 Ausar Thompson
79%
Suns SG 1 Devin Booker
79%
Kings SF 13 Keegan Murray
79%
Rockets F 1 Amen Thompson
78%
Heat PG 45 Davion Mitchell
78%
Cavaliers SG 35 Donovan Mitchell
78%
Pistons C 0 Jalen Duren
78%
Grizzlies PG 12 Ja Morant
78%
Grizzlies PF 13 Jaren Jackson Jr.
78%
Heat PG 14 Tyler Herro
78%
Bucks PG 0 Damian Lillard
77%
Knicks SG 3 Josh Hart
77%
Clippers SF 2 Kawhi Leonard
77%
Celtics C 8 Kristaps Porzingis
77%
Cavaliers C 13 Tristan Thompson
77%
Pacers PG 0 Tyrese Haliburton
77%
Bucks G 44 Andre Jackson Jr.
76%
76ers SG 12 Jared Butler
76%
Suns PF 35 Kevin Durant
76%
Thunder PF 7 Chet Holmgren
75%
Grizzlies F 45 GG Jackson
75%
Mavericks PG 11 Kyrie Irving
75%
Pistons PG 2 Cade Cunningham
74%
Celtics PG 4 Jrue Holiday
74%
Knicks SF 25 Mikal Bridges
74%
Celtics PG 11 Payton Pritchard
74%
Nuggets SF 1 Michael Porter Jr.
73%
Magic PF 5 Paolo Banchero
73%
76ers PG 0 Tyrese Maxey
73%
Spurs PG 3 Chris Paul
72%
Pacers SF 22 Isaiah Jackson
72%
Hornets SF 0 Miles Bridges
72%
Timberwolves C 27 Rudy Gobert
72%
Kings SG 8 Zach Lavine
71%
Rockets G 0 Aaron Holiday
70%
Cavaliers G 9 Craig Porter Jr.
70%
Spurs SF 40 Harrison Barnes
70%
Bucks G 3 Kevin Porter Jr.
70%
76ers F 13 Paul George
70%
Raptors SF 4 Scottie Barnes
70%
Lakers SG 15 Austin Reaves
69%
Cavaliers PG 10 Darius Garland
69%
Cavaliers C 33 Jarrett Allen
69%
Thunder C 55 Isaiah Hartenstein
68%
Wizards SG 13 Jordan Poole
68%
Lakers PF 17 Dorian Finney-Smith
67%
Suns SG 8 Grayson Allen
67%
Rockets PF 10 Jabari Smith Jr.
67%
Timberwolves PF 30 Julius Randle
67%
Jazz G 3 Keyonte George
67%
Wizards F 18 Kyshawn George
67%
Spurs PG 4 De'Aaron Fox
66%
Bulls PF 7 Jalen Smith
66%
Hornets G 8 Nick Smith Jr.
66%
Nuggets PG 4 Russell Westbrook
66%
Celtics C 42 Al Horford
65%
Heat SF 22 Andrew Wiggins
65%
Pelicans G 12 Antonio Reeves
65%
Kings SF 10 DeMar Derozan
65%
Kings PF 11 Domantas Sabonis
65%
76ers SG 23 Eric Gordon
65%
Cavaliers PF 4 Evan Mobley
65%
Pacers C 33 Myles Turner
65%
Pacers PF 43 Pascal Siakam
65%
Bucks F 21 Tyler Smith
65%
Nuggets PF 32 Aaron Gordon
64%
Thunder SG 21 Aaron Wiggins
63%
Rockets C 28 Alperen Sengun
63%
Trailblazers SG 1 Anfernee Simons
63%
Nets SG 24 Cam Thomas
63%
Heat F 55 Duncan Robinson
63%
Hawks 5 G Dyson Daniels
63%
Knicks C 23 Mitchell Robinson
63%
Timberwolves SG 9 Nickeil Alexander-Walker
63%
Clippers PG 25 Ben Simmons
62%
Magic SF 22 Franz Wagner
62%
Clippers C 40 Ivica Zubac
62%
Bulls SG 3 Josh Giddey
62%
Jazz PF 23 Lauri Markkanen
62%
Raptors C 21 Orlando Robinson
62%
Clippers SF 55 Derrick Jones Jr.
61%
Pelicans SF 2 Herb Jones
61%
Magic C 21 Moritz Wagner
61%
Raptors SF 3 Brandon Ingram
60%
Wizards G 1 Colby Jones
60%
Thunder F 3 Dillon Jones
60%
Mavericks PF 23 Kai Jones
60%
Thunder G 5 Luguentz Dort
60%
Knicks SF 8 OG Anunoby
60%
Spurs G 5 Stephon Castle
60%
Bulls PG 30 Tre Jones
60%
Suns PG 21 Tyus Jones
60%
Thunder SG 9 Alex Caruso
59%
Grizzlies SG 22 Desmond Bane
59%
Bucks SF 18 Kyle Kuzma
59%
Timberwolves PG 10 Mike Conley
59%
Timberwolves C 11 Naz Reid
58%
Bucks C 11 Brook Lopez
57%
Pelicans SG 3 CJ McCollum
57%
Hawks 15 C Clint Capela
57%
Bulls C 9 Nikola Vucevic
57%
Nuggets G 0 Christian Braun
56%
Nuggets C 6 DeAndre Jordan
56%
Rockets PG 5 Fred Vanvleet
56%
Pistons F 7 Paul Reed
56%
Lakers PF 28 Rui Hachimura
56%
Magic G 0 Anthony Black
55%
Magic PG 50 Cole Anthony
55%
Trailblazers C 2 Deandre Ayton
55%
Mavericks C 2 Derek Lively ll
55%
Timberwolves PF 3 Jaden McDaniels
55%
Wizards SF 22 Khris Middleton
55%
Nets C 33 Nic Claxton
55%
Suns SG 3 Bradley Beal
54%
Hornets F 24 Brandon Miller
54%
Timberwolves SG 0 Donte Divincenzo
54%
Lakers C 11 Jaxson Hayes
54%
Wizards PF 00 Tristan Vukcevic
54%
Warriors SG 7 Buddy Hield
53%
Rockets SF 9 Dillon Brooks
53%
Mavericks C 7 Dwight Powell
53%
Bulls PG 5 Jevon Carter
53%
Warriors PF 00 Jonathan Kuminga
53%
Clippers G 15 Norman Powell
53%
Mavericks PF 25 P.J. Washington
53%
Rockets C 12 Steven Adams
53%
Magic C 34 Wendell Carter Jr.
53%
Warriors PG 2 Brandin Podziemski
52%
Kings G 22 Devin Carter
52%
Kings C 17 Jonas Valanciunas
52%
Timberwolves F 33 Leonard Miller
52%
Hawks 10 PF Zaccharie Risacher
52%
Wizards PF 20 Alex Sarr
51%
Nets G 1 D'Angelo Russell
51%
Magic SG 4 Jalen Suggs
51%
Pistons F 12 Tobias Harris
51%
Grizzlies C 14 Zach Edey
51%
Pacers PG 2 Andrew Nembhard
50%
Pacers F 5 Jarace Walker
50%
Jazz PF 20 John Collins
50%
Bulls PF 12 Zach Collins
50%
Magic SG 14 Gary Harris
49%
Trailblazers F 34 Jabari Walker
49%
76ers G 16 Lonnie Walker IV
49%
Celtics C 40 Luke Kornet
49%
Raptors SG 9 RJ Barrett
49%
Grizzlies PF 15 Brandon Clarke
48%
Bucks F 9 Bobby Portis
47%
Mavericks C 21 Daniel Gafford
47%
Trailblazers SF 8 Deni Avdija
47%
Raptors G 1 Gradey Dick
47%
Thunder SG 11 Isaiah Joe
47%
Celtics SF 30 Sam Hauser
47%
Warriors SG 0 Gary Payton ll
46%
Cavaliers SG 1 Max Strus
46%
Thunder G 22 Cason Wallace
45%
Nets C 20 Day'Ron Sharpe
45%
Hornets C 11 Jusuf Nurkic
45%
Trailblazers G 00 Scoot Henderson
45%
Trailblazers SG 17 Shaedon Sharpe
45%
Pelicans SG 25 Trey Murphy lll
45%
Jazz C 24 Walker Kessler
45%
Jazz PG 2 Collin Sexton
44%
Cavaliers SF 12 De'Andre Hunter
44%
Pistons PG 17 Dennis Schroder
44%
Jazz PG 00 Jordan Clarkson
44%
Magic SG 3 Kentavious Caldwell-Pope
44%
Kings SG 0 Malik Monk
44%
Wizards PG 36 Marcus Smart
44%
Hawks 17 F/C Onyeka Okongwu
43%
Clippers SG 10 Bogdan Bogdanovic
42%
Pistons PG 23 Jaden Ivey
42%
76ers G 20 Jared McCain
42%
Warriors SG 4 Moses Moody
42%
Spurs SG 24 Devin Vassell
41%
Heat G 11 Jaime Jaquez Jr.
41%
76ers PG 7 Kyle Lowry
41%
Warriors C 21 Quinten Post
41%
Pistons SF 8 Tim Hardaway Jr.
41%
Lakers G 4 Dalton Knecht
40%
Lakers PG 7 Gabe Vincent
40%
Lakers PF 2 Jarred Vanderbilt
40%
Spurs F 10 Jeremy Sochan
40%
Heat C 7 Kel'el Ware
40%
Clippers G 8 Kris Dunn
40%
Knicks PG 2 Miles McBride
40%
Celtics C 88 Neemias Queta
40%
Suns F 0 Ryan Dunn
40%
Raptors SG 5 Immanuel Quickley
39%
Pacers SG 00 Benedict Mathurin
38%
76ers SG 9 Kelly Oubre Jr.
38%
Warriors F 5 Kevon Looney
38%
Lakers PF 88 Markieff Morris
38%
Bulls F 14 Matas Buzelis
38%
Mavericks G 00 Max Christie
38%
Suns PG 23 Monte Morris
38%
Warriors G 61 Pat Spencer
38%
Timberwolves G 4 Rob Dillingham
38%
Pacers SF 23 Aaron Nesmith
37%
76ers C 1 Andre Drummond
37%
76ers F 28 Guerschon Yabusele
37%
Pistons C 28 Isaiah Stewart
37%
Raptors C 19 Jakob Poeltl
37%
Pelicans PG 15 Jose Alvarado
37%
Heat PF 42 Kevin Love
37%
Pistons SG 5 Malik Beasley
37%
Heat F 5 Nikola Jovic
37%
Pacers PG 9 T.J. McConnell
37%
Hornets PG 23 Tre Mann
37%
Clippers G 12 Cam Christie
36%
Trailblazers SF 9 Jerami Grant
36%
Hawks 14 SG Terance Mann
36%
Wizards SG 0 Bilal Coulibaly
35%
Mavericks SF 16 Caleb Martin
35%
Suns SF 17 Cody Martin
35%
Cavaliers SF 35 Isaac Okoro
35%
Celtics G 27 Jordan Walsh
35%
Bulls SG 13 Kevin Huerter
35%
Jazz F 99 KJ Martin
35%
Pacers PF 1 Obi Toppin
35%
76ers SG 25 Quentin Grimes
35%
Grizzlies G 1 Scotty Pippen Jr.
35%
Mavericks PG 26 Spencer Dinwiddie
35%
Heat PG 2 Terry Rozier
35%
Nets G 13 Tyrese Martin
35%
Trailblazers C 23 Donovan Clingan
34%
Bucks SG 5 Gary Trent Jr.
34%
Bulls SF 22 Talen Horton-Tucker
34%
Trailblazers F 33 Toumani Camara
34%
Cavaliers SG 2 Ty Jerome
34%
Celtics F 26 Xavier Tillman
34%
Wizards G 8 Bub Carrington
33%
Magic PF 1 Jonathan Isaac
33%
Clippers PF 33 Nicholas Batum
33%
Suns C 2 Nick Richards
33%
Rockets G 15 Reed Sheppard
32%
Pacers G 26 Ben Sheppard
31%
Hawks 3 SG Caris Levert
31%
Cavaliers PF 32 Dean Wade
31%
Knicks PF 17 P.J. Tucker
31%
Bucks PF 12 Taurean Prince
31%
76ers C 30 Adem Bona
30%
Lakers C 27 Alex Len
30%
Heat SF 20 Kyle Anderson
30%
Nuggets F 8 Peyton Watson
30%
Grizzlies PF 7 Santi Aldama
30%
Knicks PG 1 Cam Payne
29%
Jazz G 13 Isaiah Collier
29%
Lakers PF 14 Maxi Kleber
29%
Thunder G 44 Nikola Topic
29%
Pelicans C 11 Yves Missi
29%
Suns F 11 Bol Bol
28%
Magic C 35 Goga Bitadze
28%
Grizzlies F 0 Jaylen Wells
28%
Spurs F 30 Julian Champagnie
28%
Wizards SF 9 Justin Champagnie
28%
Kings G 23 Keon Ellis
28%
Suns C 22 Mason Plumlee
28%
Knicks PF 5 Precious Achiuwa
27%
Pistons F 00 Ron Holland ll
27%
Pacers C 3 Thomas Bryant
27%
Bulls SG 11 Ayo Dosunmu
26%
Magic G 13 Jett Howard
26%
Grizzlies SG 10 Luke Kennard
26%
Wizards PG 15 Malcolm Brogdon
26%
Mavericks SF 13 Naji Marshall
26%
Rockets F 17 Tari Eason
26%
Warriors F 15 Gui Santos
25%
Nuggets G 3 Julian Strawther
25%
Timberwolves C 55 Luka Garza
25%
Celtics F 55 Baylor Scheierman
24%
Wizards SF 14 Saddiq Bey
24%
Spurs PF 54 Sandro Mamukelashvili
24%
Hornets F 67 Taj Gibson
24%
Nuggets C 14 DaRon Holmes ll
23%
Hawks 20 SF Georges Niang
23%
Heat F 24 Haywood Highsmith
23%
Nets F 22 Jalen Wilson
23%
Knicks SG 44 Landry Shamet
23%
Grizzlies PF 35 Marvin Bagley lll
23%
Bucks SG 24 Pat Connaughton
23%
Celtics SF 12 Torrey Craig
23%
Nuggets PF 9 Dario Saric
22%
Mavericks G 1 Jaden Hardy
22%
Kings PF 99 Jae Crowder
22%
Timberwolves SG 7 Joe Ingles
22%
Pelicans PF 13 Kelly Olynyk
22%
Hawks 22 PF Larry Nance Jr.
22%
Thunder F 13 Ousmane Dieng
22%
Suns SF 00 Royce O'Neale
22%
Hornets F 31 Tidjane Salaun
22%
Knicks G 13 Tyler Kolek
22%
Nets SG 15 De'Anthony Melton
21%
Lakers G 30 Jordan Goodwin
21%
Clippers PG 88 Patty Mills
21%
Nuggets PF 22 Zeke Nnaji
21%
Clippers SG 7 Amir Coffey
20%
Bucks C 00 Jericho Sims
20%
Hawks 4 G Kobe Bufkin
20%
Hornets F 14 Moussa Diabate
20%
Nets F 21 Noah Clowney
20%
Wizards F 22 Richaun Holmes
20%
Bucks G 13 Ryan Rollins
20%
Cavaliers SG 5 Sam Merrill
20%
Heat SG 18 Alec Burks
19%
Wizards SF 24 Corey Kispert
19%
Magic PG 10 Cory Joseph
19%
Mavericks G 0 Dante Exum
19%
Grizzlies C 30 Jay Huff
19%
Hornets SF 12 Josh Okogie
19%
Kings PG 20 Markelle Fultz
19%
Hawks 18 F Mouhamed Gueye
19%
Pistons F 19 Simone Fontecchio
19%
Timberwolves G 00 Terrence Shannon Jr.
19%
Magic F 23 Tristan Da Silva
19%
Hawks 27 G Vit Krejčí
19%
Raptors PF 25 Chris Boucher
18%
Bulls F 15 Dalen Terry
18%
Nuggets F 5 Hunter Tyson
18%
Raptors G 14 Ja'Kobe Walter
18%
Cavaliers F 24 Jaylon Tyson
18%
Knicks C 55 Ariel Hukporti
17%
Spurs C 18 Bismack Biyombo
17%
Timberwolves PG 77 Bones Hyland
17%
Rockets F 7 Cam Whitmore
17%
Pacers F 12 Johnny Furphy
17%
Pelicans G 24 Jordan Hawkins
17%
Jazz F 22 Kyle Filipowski
17%
Raptors G 30 Ochai Agbaji
17%
Hawks 24 SG Garrison Mathews
16%
Kings F 33 Jake LaRavia
16%
76ers G 17 Jalen Hood-Schifino
16%
Rockets C 2 Jock Landale
16%
Grizzlies SG 46 John Konchar
16%
Trailblazers SG 4 Matisse Thybulle
16%
Mavericks F 8 Olivier-Maxence Prosper
16%
Knicks G 4 Pacome Dadiet
16%
Pacers C 13 Tony Bradley
16%
Wizards PF 16 Anthony Gill
15%
Knicks SG 0 Delon Wright
15%
Rockets SF 8 Jae'Sean Tate
15%
Bulls F 15 Julian Phillips
15%
Pistons F 43 Lindy Waters lll
15%
Jazz F 0 Taylor Hendricks
15%
Suns G 18 Vasilije Micic
15%
Nuggets G 24 Jalen Pickett
14%
Pistons G 25 Marcus Sasser
14%
Heat G 9 Pelle Larsson
14%
Spurs G 14 Blake Wesley
13%
Suns SG 10 Damion Lee
13%
Jazz G 11 Jaden Springer
13%
Raptors F 2 Jonathan Mogbo
13%
Spurs PG 11 Jordan McLaughlin
13%
Timberwolves F 8 Josh Minott
13%
Spurs G 22 Malaki Branham
13%
76ers G 14 Ricky Council VI
13%
Kings PF 41 Trey Lyles
13%
Nuggets SF 31 Vlatko Cancar
13%
Hornets G 9 Wendell Moore Jr.
13%
Magic G 2 Caleb Houstan
12%
Nets F 0 Dariq Whitehead
12%
Clippers PF 15 Drew Eubanks
12%
Trailblazers C 26 Duop Reath
12%
Raptors G 23 Jamal Shead
12%
Warriors F 31 Kevin Knox ll
12%
Knicks F 14 MarJon Beauchamp
12%
Suns C 4 Oso Ighodaro
12%
Lakers SG 20 Shake Milton
12%
Jazz SG 19 Svi Mykhailiuk
12%
Thunder C 15 Branden Carlson
11%
Kings SF 7 Doug McDermott
11%
Nets F 27 Maxwell Lewis
11%
Nets PF 9 Trendon Watford
11%
Jazz F 28 Brice Sensabaugh
10%
Spurs C 28 Charles Bassey
10%
Trailblazers G 5 Dalano Banton
10%
Hawks 0 F Dominick Barlow
10%
Raptors F 77 Jamison Battle
10%
Pelicans F 50 Jeremiah Robinson-Earl
10%
Wizards F 21 JT Thor
10%
Bucks F 7 Chris Livingston
9%
Pistons F 34 Bobi Klintman
8%
Hornets SG 3 DaQuan Jeffries
8%
Rockets F 45 David Roddy
8%
Raptors SF 17 Garrett Temple
8%
Jazz G 33 Johnny Juzang
8%
Nets F 26 Drew Timme
7%
76ers G 11 Jeff Dowtin Jr.
7%
Clippers F 23 Patrick Baldwin Jr.
7%
Trailblazers G 91 Sidy Cissoko
7%
Bulls F 32 E.J. Liddell
6%
Pelicans C 16 Karlo Matkovic
6%
Trailblazers G 21 Rayan Rupert
6%
Bucks G 17 Stanley Umude
5%
Trailblazers G 11 Bryce McGowens
4%
Raptors G 0 A.J. Lawson
3%
Raptors F 97 Eugene Omoruyi
2%
No matching quizzes found
Score Distribution
Percent of People with Each Score
Percentile by Number Answered
Your Score History
You have not taken this quiz since the last reset